Country flags with white - Statistics

General Stats
  • This quiz has been taken 60 times
  • The average score is 102 of 146
Answer Stats
Answer % Correct
Japan
97%
Russia
94%
Argentina
92%
USA
92%
Australia
89%
France
89%
Mexico
89%
Canada
86%
Greece
86%
Saudi Arabia
86%
South Korea
86%
Austria
83%
Brazil
83%
Finland
83%
Indonesia
83%
Poland
83%
Spain
83%
Cuba
81%
Denmark
81%
Egypt
81%
Laos
81%
Monaco
81%
Nepal
81%
New Zealand
81%
Niger
81%
Nigeria
81%
Norway
81%
Oman
81%
Panama
81%
Peru
81%
UK
81%
Bulgaria
78%
Chile
78%
Hungary
78%
Iceland
78%
India
78%
Iran
78%
Iraq
78%
Israel
78%
Lebanon
78%
North Korea
78%
Yemen
78%
Afghanistan
75%
Algeria
75%
Azerbaijan
75%
Belize
75%
Bhutan
75%
Croatia
75%
Cyprus
75%
Czechia
75%
Estonia
75%
Georgia
75%
Ireland
75%
Jordan
75%
Kuwait
75%
Nicaragua
75%
Portugal
75%
Qatar
75%
Slovakia
75%
Sudan
75%
Turkey
75%
Vatican
75%
Cambodia
72%
Haiti
72%
Honduras
72%
Libya
72%
Luxembourg
72%
Malta
72%
Netherlands
72%
Somalia
72%
South Sudan
72%
Uruguay
72%
Andorra
69%
Bahrain
69%
El Salvador
69%
Fiji
69%
Italy
69%
Latvia
69%
Madagascar
69%
Philippines
69%
San Marino
69%
Serbia
69%
Slovenia
69%
South Africa
69%
Syria
69%
Brunei
67%
Burundi
67%
Costa Rica
67%
Guatemala
67%
Lesotho
67%
Micronesia
67%
Thailand
67%
UAE
67%
Bosnia
64%
Botswana
64%
Dominica
64%
Guyana
64%
Malaysia
64%
Namibia
64%
Nauru
64%
Pakistan
64%
Paraguay
64%
Switzerland
64%
Tunisia
64%
Turkmenistan
64%
Uzbekistan
64%
Belarus
61%
Cape Verde
61%
Ecuador
61%
Gambia
61%
Ivory Coast
61%
Kenya
61%
Sierra Leone
61%
Taiwan
61%
Tajikistan
61%
Uganda
61%
Venezuela
61%
Djibouti
58%
Kiribati
58%
Marshall Islands
58%
Mozambique
58%
Samoa
58%
Singapore
58%
Suriname
58%
Togo
58%
Zimbabwe
58%
Bolivia
56%
Comoros
56%
East Timor
56%
Liberia
56%
Maldives
56%
Seychelles
56%
Tonga
56%
Tuvalu
56%
Antigua
53%
Burma
53%
Solomon Islands
53%
DR
50%
Eswatini
50%
Kosovo
50%
Trinidad
50%
Equatorial Guinea
47%
Papua New Guinea
47%
Saint Kitts
44%
Saint Lucia
44%
CAR
42%
No matching quizzes found
Score Distribution
Percent of People with Each Score
Percentile by Number Answered
Your Score History
You have not taken this quiz